Girls growing up in late Victorian and Edwardian England /

Bibliographic Details
Main Author: Dyhouse, Carol, 1948-
Format: Book
Language:English
Published: London ; Boston : Routledge & K. Paul, 1981.
Series:Studies in social history (Routledge & Kegan Paul)
Subjects:

MARC

Tag First Indicator Second Indicator Subfields
LEADER 00000pam a2200000 a 4500
001 in00000080255
005 20151008060907.0
008 810522s1981 enk b 00110 eng
010 |a  81008578  
020 |a 071000821X :  |c $20.00 
035 |a (OCoLC)07572343 
035 |9 AAJ6830AM 
040 |a DLC  |c DLC  |d TXA  |d UtOrBLW 
043 |a e-uk--- 
049 |a TXAM  |c [1362247] 
050 0 0 |a HQ798  |b .D85 
082 0 |a 305.2/3/0941  |2 19 
100 1 |a Dyhouse, Carol,  |d 1948- 
245 1 0 |a Girls growing up in late Victorian and Edwardian England /  |c Carol Dyhouse. 
264 1 |a London ;  |a Boston :  |b Routledge & K. Paul,  |c 1981. 
300 |a x, 224 pages ;  |c 23 cm. 
336 |a text  |b txt  |2 rdacontent 
337 |a unmediated  |b n  |2 rdamedia 
338 |a volume  |b nc  |2 rdacarrier 
490 1 |a Studies in social history 
504 |a Includes bibliographical references and index. 
650 0 |a Teenage girls  |z Great Britain  |x History  |y 19th century. 
650 0 |a Teenage girls  |x Education  |z Great Britain  |x History  |y 19th century. 
650 0 |a Feminism  |z Great Britain  |x History  |y 19th century. 
651 0 |a Great Britain  |x Social life and customs  |y 19th century. 
830 0 |a Studies in social history (Routledge & Kegan Paul) 
999 |a MARS 
999 f f |s 9ec8cbcc-91cf-304a-b3ed-5cf462850473  |i 8a5c3083-65b7-35ab-a462-eab62c708d62  |t 0 
952 f f |p ric  |a Texas A&M University  |b Rellis Campus  |c Joint Library Facility  |d Remote Storage  |t 0  |e HQ798 .D85  |h Library of Congress classification  |i unmediated -- volume  |m A14806142679 
998 f f |a HQ798 .D85  |t 0  |l Remote Storage